000 00745nam a2200289Ia 4500
005 20260324133345.0
008 008 260324s9999 xx 000 0 eng d
020 _a9781315701486
037 _aEBOOK
040 _aCRL
040 _beng
040 _cCRL
041 _2eng
041 _aeng
084 _qCRL
100 _aE. K. Hunt
_91192788
245 0 _aProperty and Prophets: The Evolution of Economic Institutions and Ideologies
245 4 _bThe Evolution of Economic Institutions and Ideologies
260 _bTaylor and Francis
260 _c2003
365 _a
365 _b230
856 _uhttp://www.taylorfrancis.com/books/9781315701486
942 _cEBOOK
999 _c1791735
_d1791735